Carregando...

Annual Report: 2010-2011

Detalhes bibliográficos
Outros Autores: Jindal,S K
Formato: Printed Book
Idioma:Undetermined
Publicado em: Jodhpur Central Arid Zone Research Institute 2011
LEADER 00514nam a2200169Ia 4500
008 140316s9999 xx 000 0 und d
020
082 |a CAZRI  |b AR 2010-11 
100
245 |a Annual Report: 2010-2011 
260 |a Jodhpur  |b Central Arid Zone Research Institute  |c 2011 
300 |a 174 
650
700 |a Jindal,S K 
942 |2 ddc  |c BK 
999 |c 15394  |d 15394 
952 |0 0  |1 0  |2 ddc  |4 0  |6 CAZRI_AR_201011  |7 0  |9 16710  |a KAUCLV  |b KAUCLV  |c GENERAL  |d 2014-03-18  |o CAZRI AR 2010-11  |p 806841  |r 2014-03-18  |w 2014-03-18  |y BK